000
00276nam a2200121Ia 4500
100
_a
Scott/G.M
942
_c
BK
654
_a
management
245
_a
Principles Of management Information System
260
_b
McGraw Hill
_a
New York
_c
1986
300
_a
618
546
_a
ENGLISH
999
_c
23425
_d
23425